Stress ribbon and cable-supported pedestrian bridges / (Record no. 1057)
[ view plain ]
| 000 -LEADER | |
|---|---|
| fixed length control field | 00524 a2200133 4500 |
| 020 ## - INTERNATIONAL STANDARD BOOK NUMBER | |
| International Standard Book Number | 072773282X |
| 082 ## - DEWEY DECIMAL CLASSIFICATION NUMBER | |
| Classification number | 624.2 STR |
| 100 ## - MAIN ENTRY--PERSONAL NAME | |
| Personal name | Strʹaskʹy, Jiřʹi. |
| 245 ## - TITLE STATEMENT | |
| Title | Stress ribbon and cable-supported pedestrian bridges / |
| Statement of responsibility, etc. | Jiri Strasky. |
| 260 ## - PUBLICATION, DISTRIBUTION, ETC. | |
| Place of publication, distribution, etc. | London : |
| Name of publisher, distributor, etc. | Thomas Telford ; |
| Place of publication, distribution, etc. | Reston, VA : |
| Name of publisher, distributor, etc. | Distributors, USA, ASCE Press, |
| Date of publication, distribution, etc. | 2005. |
| 300 ## - PHYSICAL DESCRIPTION | |
| Extent | viii, 232 p. : |
| Other physical details | ill. ; |
| Dimensions | 29 cm. |
| 650 ## - SUBJECT ADDED ENTRY--TOPICAL TERM | |
| Topical term or geographic name entry element | Footbridges |
| General subdivision | Design and construction. |
| 650 ## - SUBJECT ADDED ENTRY--TOPICAL TERM | |
| Topical term or geographic name entry element | Cable-stayed bridges |
| General subdivision | Design and construction. |
| 650 ## - SUBJECT ADDED ENTRY--TOPICAL TERM | |
| Topical term or geographic name entry element | Suspension bridges |
| General subdivision | Design and construction. |
| Withdrawn status | Lost status | Damaged status | Not for loan | Permanent Location | Current Location | Shelving location | Date acquired | Total Checkouts | Total Renewals | Full call number | Barcode | Date last seen | Date last checked out | Price effective from | Koha item type |
|---|---|---|---|---|---|---|---|---|---|---|---|---|---|---|---|
| School of Civil and Environmental Engineering (SCEE) | School of Civil and Environmental Engineering (SCEE) | 1 | 1 | 624.2 STR | NIT-819 | 04/13/2022 | 02/24/2022 | 01/05/2017 | Book |
